Geoguessr Training #2 - US Plates - Statistics

General Stats
  • This quiz has been taken 268 times
  • The average score is 20 of 89
Answer Stats
Picture Answer % Correct
New York
70%
Hawaii
63%
Florida
61%
Pennsylvania
59%
Arizona
49%
Illinois
47%
Georgia
46%
Georgia
45%
Idaho
39%
Kentucky
39%
Ohio
39%
New Jersey
38%
New York
36%
Colorado
34%
Delaware
34%
Montana
34%
New Mexico
34%
South Carolina
34%
Alaska
33%
Texas
33%
Maryland
31%
Michigan
31%
New Mexico
31%
Oregon
31%
Vermont
31%
Utah
30%
Texas
29%
Colorado
27%
Missouri
27%
New Hampshire
27%
Washington DC
27%
Louisiana
26%
Montana
26%
New York
26%
North Carolina
26%
South Carolina
26%
South Dakota
26%
Wyoming
26%
Connecticut
25%
South Dakota
24%
Washington
24%
Minnesota
23%
Tennessee
23%
California
21%
Oklahoma
21%
Virginia
21%
Indiana
20%
North Dakota
20%
Illinois
19%
West Virginia
19%
Alaska
16%
Arkansas
16%
Nevada
16%
Nevada
16%
North Dakota
16%
Wisconsin
16%
Wyoming
16%
Alabama
15%
Ohio
14%
Utah
14%
Indiana
13%
Iowa
13%
Rhode Island
12%
Indiana
9%
Maine
9%
Maryland
9%
Ohio
9%
Michigan
8%
Michigan
8%
Nebraska
8%
Oklahoma
8%
Alaska
7%
Indiana
7%
Iowa
7%
Utah
7%
Alabama
6%
Kansas
6%
Michigan
6%
North Carolina
6%
North Carolina
6%
Louisiana
5%
Massachusets
5%
Mississipi
4%
Montana
4%
Nebraska
4%
Nebraska
4%
Mississipi
3%
Missouri
3%
Mississipi
2%
No matching quizzes found
Score Distribution
Percent of People with Each Score
Percentile by Number Answered
Your Score History
You have not taken this quiz